MDQL
is popping MORE tags! Check the
thread
!
Quizzes
Events
Quiz Creation
Community
Videos
Private Events
Remove Ads
Sign In
Join for FREE
Feedback
Dark Mode
Quiz Categories
Sports
Geography
Music
Movies
Television
Just For Fun
Miscellaneous
History
Literature
Language
Science
Gaming
Entertainment
Religion
Holiday
For Kids
Quiz Lab
Recent
Popular Today
Quiz Kudos Today
Editor Picks
Curator Picks
Quizzes by...
Day
Popularity
Type
Ratings
Length
Year
Community
Subscriptions
Recent Discussions
Orange Saloon
Badges
Playlists
Quests
Create
Leaderboards
Showdown
Live 5
Trivia Bingo
Activity
Puzzle Library
Sporcle Events
Private Events
Virtual Trivia
Globe League
Become a Host
Pub Owners
SporcleCon
Opinionation
Our Games
Videos
Blog
Mobile Apps
Partnerships
Remove Ads and Go Orange
Feedback
Sports
Athletes
MLB
NBA
NHL
NFL
Soccer
Sports Teams
WWE
NCAA
Football
Premier League
Basketball
Baseball
Hockey
Golf
Tennis
Cricket
Rugby
Auto Racing
Olympics
World Cup
Sports
Athletes
MLB
NBA
NHL
NFL
Soccer
Sports Teams
WWE
NCAA
Football
Premier League
Basketball
Baseball
Hockey
Golf
Tennis
Cricket
Rugby
Auto Racing
Olympics
World Cup
Random Quiz
Search Sporcle
×
Quiz Lab
Quiz Lab
Sports
Baseball
Type in answers that appear in a list
Type in answers that appear in a list
Classic
Best Score? Go Orange.
MLB Managers 1990-2020 Stats
Can you name the people who managed a game from 1990 to Opening Day 2020?
By
tk925
17m
284 Questions
3,116 Plays
3,116 Plays
3,116 Plays
Comments
Comments
Give Quiz Kudos
Give Quiz Kudos
-
- Ratings
hide this ad
More Info
Replay
Link that replays current quiz
Next Quiz
Link to next quiz in quiz playlist
You Got
0%
They Got
Avg Score
37%
Avg Friend Score
Upgrade to see
Score Distribution
Jump to the score distribution portion of the page
Score
0/284
Timer
17:00
0
Plays Today
Team
Manager
% Correct
Atlanta Braves
Bobby Cox
95.6%
Los Angeles Dodgers
Joe Torre
94.5%
New York Yankees
Joe Torre
94.5%
St. Louis Cardinals
Joe Torre
94.5%
Washington Nationals/
Montreal Expos
Dusty Baker
93.1%
Houston Astros
Dusty Baker
93.1%
Los Angeles Angels
Joe Maddon
92.6%
Chicago Cubs
Joe Maddon
92.6%
Philadelphia Phillies
Joe Girardi
92%
Boston Red Sox
Terry Francona
91.8%
Philadelphia Phillies
Terry Francona
91.8%
Baltimore Orioles
Buck Showalter
91.3%
Chicago Cubs
Dusty Baker
91.2%
Cincinnati Reds
Dusty Baker
91.2%
San Francisco Giants
Dusty Baker
91.2%
Cleveland Indians
Terry Francona
91.1%
Oakland Athletics
Tony LaRussa
90.8%
St. Louis Cardinals
Tony LaRussa
90.8%
New York Yankees
Aaron Boone
90.5%
Boston Red Sox
Alex Cora
89.2%
Florida/
Miami Marlins
Joe Girardi
88.2%
New York Yankees
Joe Girardi
88.2%
Colorado Rockies
Jim Leyland
88.2%
Detroit Tigers
Jim Leyland
88.2%
Florida/
Miami Marlins
Jim Leyland
88.2%
Pittsburgh Pirates
Jim Leyland
88.2%
Chicago Cubs
Lou Piniella
87.7%
Cincinnati Reds
Lou Piniella
87.7%
Seattle Mariners
Lou Piniella
87.7%
Tampa Bay (Devil) Rays
Lou Piniella
87.7%
Washington Nationals/
Montreal Expos
Davey Johnson
87.4%
Chicago White Sox
Ozzie Guillen
87.1%
Los Angeles Dodgers
Don Mattingly
87%
Florida/
Miami Marlins
Don Mattingly
87%
Arizona Diamondbacks
Buck Showalter
84.5%
New York Yankees
Buck Showalter
84.5%
Texas Rangers
Buck Showalter
84.5%
San Diego Padres
Dave Roberts
84.4%
Los Angeles Dodgers
Dave Roberts
84.4%
Baltimore Orioles
Davey Johnson
84.2%
Cincinnati Reds
Davey Johnson
84.2%
Los Angeles Dodgers
Davey Johnson
84.2%
New York Mets
Davey Johnson
84.2%
Toronto Blue Jays
Tim Johnson
83.9%
Chicago White Sox
Jerry Manuel
83.4%
New York Mets
Jerry Manuel
83.4%
Washington Nationals/
Montreal Expos
Dave Martinez
83.3%
Cleveland Indians
Charlie Manuel
83.3%
Philadelphia Phillies
Charlie Manuel
83.3%
St. Louis Cardinals
Mike Matheny
83.1%
Kansas City Royals
Mike Matheny
83.1%
Washington Nationals/
Montreal Expos
Matt Williams
82.7%
Florida/
Miami Marlins
Ozzie Guillen
82%
Detroit Tigers
Ron Gardenhire
81.8%
Atlanta Braves
Fredi Gonzalez
80.3%
Boston Red Sox
Bobby Valentine
80.3%
Minnesota Twins
Ron Gardenhire
80.1%
Toronto Blue Jays
Cito Gaston
79%
Los Angeles Angels
Mike Scioscia
78.4%
Colorado Rockies
Bud Black
78.1%
Los Angeles Angels
Joe Maddon
78%
Tampa Bay (Devil) Rays
Joe Maddon
78%
Houston Astros
A.J. Hinch
77.5%
Milwaukee Brewers
Craig Counsell
76.8%
Boston Red Sox
Jimy Williams
76.3%
Houston Astros
Jimy Williams
76.3%
Kansas City Royals
Ned Yost
76%
San Diego Padres
Bruce Bochy
75.8%
San Francisco Giants
Bruce Bochy
75.8%
Pittsburgh Pirates
Clint Hurdle
75.5%
Arizona Diamondbacks
Bob Brenly
75.1%
Minnesota Twins
Paul Molitor
74.9%
Los Angeles Dodgers
Tommy Lasorda
74.6%
Philadelphia Phillies
Gabe Kapler
74.2%
San Francisco Giants
Gabe Kapler
74.2%
New York Mets
Bobby Valentine
73.8%
Texas Rangers
Bobby Valentine
73.8%
San Diego Padres
Andy Green
73.4%
Los Angeles Angels
Brad Ausmus
72.7%
Detroit Tigers
Brad Ausmus
72.7%
Arizona Diamondbacks
Kirk Gibson
72.3%
Texas Rangers
Ron Washington
72.1%
Detroit Tigers
Sparky Anderson
71.8%
Cincinnati Reds
David Bell
71.4%
New York Mets
Terry Collins
70.8%
Colorado Rockies
Clint Hurdle
70.7%
Minnesota Twins
Tom Kelly
70.1%
Oakland Athletics
Bob Melvin
68.6%
Boston Red Sox
John Farrell
68%
Toronto Blue Jays
John Farrell
68%
Houston Astros
Art Howe
67.8%
New York Mets
Art Howe
67.8%
Oakland Athletics
Art Howe
67.8%
San Diego Padres
Bud Black
67.8%
Tampa Bay (Devil) Rays
Kevin Cash
67.7%
Team
Manager
% Correct
Boston Red Sox
Grady Little
67.3%
Los Angeles Dodgers
Grady Little
67.3%
Baltimore Orioles
Frank Robinson
66.3%
Washington Nationals/
Montreal Expos
Frank Robinson
66.3%
Cincinnati Reds
Jack McKeon
66.1%
Florida/
Miami Marlins
Jack McKeon
66.1%
San Diego Padres
Jack McKeon
66.1%
Atlanta Braves
Brian Snitker
66%
Chicago Cubs
David Ross
66%
San Francisco Giants
Felipe Alou
65.5%
Washington Nationals/
Montreal Expos
Felipe Alou
65.5%
Minnesota Twins
Rocco Baldelli
65.4%
Baltimore Orioles
Mike Hargrove
65.1%
Cleveland Indians
Mike Hargrove
65.1%
Seattle Mariners
Mike Hargrove
65.1%
Colorado Rockies
Jim Tracy
64.2%
Los Angeles Dodgers
Jim Tracy
64.2%
Pittsburgh Pirates
Jim Tracy
64.2%
Philadelphia Phillies
Ryne Sandberg
63.2%
Cleveland Indians
Eric Wedge
63%
Florida/
Miami Marlins
Fredi Gonzalez
62.7%
New York Mets
Willie Randolph
62.7%
Chicago Cubs
Don Baylor
62.6%
Colorado Rockies
Don Baylor
62.6%
Chicago White Sox
Robin Ventura
61.9%
Chicago White Sox
Rick Renteria
60.4%
Chicago Cubs
Rick Renteria
60.4%
Seattle Mariners
Lloyd McClendon
60%
Detroit Tigers
Alan Trammell
59.7%
Arizona Diamondbacks
Alan Trammell
59.1%
New York Mets
Dallas Green
58.4%
St. Louis Cardinals
Whitey Herzog
57.6%
Arizona Diamondbacks
Bob Melvin
57.5%
Seattle Mariners
Bob Melvin
57.5%
Milwaukee Brewers
Ned Yost
57.4%
Detroit Tigers
Phil Garner
56.5%
Houston Astros
Phil Garner
56.5%
Milwaukee Brewers
Phil Garner
56.5%
Milwaukee Brewers
Ron Roenicke
55.4%
Boston Red Sox
Ron Roenicke
55.4%
Arizona Diamondbacks
Torey Lovullo
54.5%
Cleveland Indians
Manny Acta
54.5%
Washington Nationals/
Montreal Expos
Manny Acta
54.5%
Chicago Cubs
Jim Riggleman
54.3%
San Diego Padres
Jim Riggleman
54.3%
Seattle Mariners
Jim Riggleman
54.3%
Washington Nationals/
Montreal Expos
Jim Riggleman
54.3%
Cincinnati Reds
Jim Riggleman
51.7%
St. Louis Cardinals
Mike Shildt
51.1%
Seattle Mariners
Scott Servais
50.6%
Kansas City Royals
Tony Pena
50.5%
Seattle Mariners
Eric Wedge
50.2%
Pittsburgh Pirates
Lloyd McClendon
50.2%
Philadelphia Phillies
Larry Bowa
49.8%
Colorado Rockies
Buddy Bell
49.4%
Detroit Tigers
Buddy Bell
49.4%
Kansas City Royals
Buddy Bell
49.4%
Arizona Diamondbacks
A.J. Hinch
49%
Toronto Blue Jays
Buck Martinez
48.7%
Colorado Rockies
Walt Weiss
48.3%
Milwaukee Brewers
Ken Macha
47.7%
Oakland Athletics
Ken Macha
47.7%
Philadelphia Phillies
Jim Fregosi
47.3%
Toronto Blue Jays
Jim Fregosi
47.3%
New York Mets
Mickey Callaway
47%
Houston Astros
Bo Porter
47%
Houston Astros
Cecil Cooper
46.6%
Houston Astros
Terry Collins
45.2%
Los Angeles Angels
Terry Collins
45.2%
Cincinnati Reds
Bob Boone
45%
Kansas City Royals
Bob Boone
45%
Chicago Cubs
Don Zimmer
44.8%
Chicago Cubs
Dale Sveum
44.6%
Seattle Mariners
Don Wakamatsu
44.5%
Texas Rangers
Jeff Banister
43.9%
New York Mets
Luis Rojas
43.7%
Pittsburgh Pirates
John Russell
43.2%
Los Angeles Dodgers
Bill Russell
43.2%
Baltimore Orioles
Johnny Oates
43.1%
Texas Rangers
Johnny Oates
43.1%
Texas Rangers
Don Wakamatsu
43.1%
Kansas City Royals
Hal McRae
42.9%
Tampa Bay (Devil) Rays
Hal McRae
42.9%
Houston Astros
Larry Dierker
42.8%
Cincinnati Reds
Bryan Price
42.4%
Chicago White Sox
Don Cooper
41.8%
San Francisco Giants
Roger Craig
41.3%
Boston Red Sox
Kevin Kennedy
40.7%
Texas Rangers
Kevin Kennedy
40.7%
Oakland Athletics
Bob Geren
40.6%
Florida/
Miami Marlins
Edwin Rodriguez
40.5%
Toronto Blue Jays
John Gibbons
39.4%
Boston Red Sox
Joe Morgan
38.9%
Florida/
Miami Marlins
Brandon Hyde
38.7%
Baltimore Orioles
Brandon Hyde
38.7%
Team
Manager
% Correct
Texas Rangers
Chris Woodward
37.9%
Chicago White Sox
Jeff Torborg
37.3%
Florida/
Miami Marlins
Jeff Torborg
37.3%
New York Mets
Jeff Torborg
37.3%
Washington Nationals/
Montreal Expos
Jeff Torborg
37.3%
Toronto Blue Jays
Charlie Montoyo
36.4%
Cleveland Indians
Sandy Alomar
36.4%
Baltimore Orioles
Lee Mazzilli
36.2%
Cincinnati Reds
Tony Perez
35.5%
Florida/
Miami Marlins
Tony Perez
35.5%
Seattle Mariners
Daren Brown
35.1%
San Diego Padres
Jayce Tingler
34.8%
Kansas City Royals
Trey Hillman
34.2%
Milwaukee Brewers
Davey Lopes
34.1%
Milwaukee Brewers
Dale Sveum
34.1%
Baltimore Orioles
Ray Miller
33.9%
Florida/
Miami Marlins
Mike Redmond
33.8%
Chicago White Sox
Gene Lamont
33.2%
Pittsburgh Pirates
Gene Lamont
33.2%
Chicago Cubs
Rene Lachemann
32.8%
Florida/
Miami Marlins
Rene Lachemann
32.8%
Los Angeles Angels
Marcel Lachemann
32.7%
Baltimore Orioles
Dave Trembley
31.8%
Pittsburgh Pirates
Derek Shelton
31%
New York Yankees
Stump Merrill
30.7%
Philadelphia Phillies
Pete Mackanin
30.5%
Tampa Bay (Devil) Rays
Larry Rothschild
29.3%
San Diego Padres
Pat Murphy
28.6%
Chicago Cubs
Mike Quade
27.7%
Cleveland Indians
John McNamara
27.6%
Los Angeles Angels
John McNamara
27.6%
New York Yankees
Bucky Dent
27.3%
Baltimore Orioles
Sam Perlozzo
27.1%
Los Angeles Angels
Buck Rodgers
27%
Washington Nationals/
Montreal Expos
Buck Rodgers
27%
Cincinnati Reds
Jerry Narron
26.4%
Texas Rangers
Jerry Narron
26.4%
Arizona Diamondbacks
Chip Hale
26.2%
Cincinnati Reds
Ray Knight
26%
Houston Astros
Brad Mills
25.6%
Chicago Cubs
Tom Trebelhorn
25.3%
Milwaukee Brewers
Tom Trebelhorn
25.3%
Atlanta Braves
Russ Nixon
24.3%
Florida/
Miami Marlins
Dan Jennings
23.8%
Kansas City Royals
John Wathan
23%
Los Angeles Angels
John Wathan
23%
Boston Red Sox
Joe Kerrigan
22.8%
Kansas City Royals
Tony Muser
22%
Boston Red Sox
Butch Hobson
21.8%
New York Mets
Bud Harrelson
21.2%
Baltimore Orioles
Juan Samuel
20.8%
Detroit Tigers
Larry Parrish
20.7%
Chicago White Sox
Terry Bevington
19.7%
Chicago Cubs
Jim Lefebvre
19.3%
Milwaukee Brewers
Jim Lefebvre
19.3%
Seattle Mariners
Jim Lefebvre
19.3%
San Diego Padres
Rod Barajas
19.3%
Cincinnati Reds
Pete Mackanin
18.4%
Pittsburgh Pirates
Pete Mackanin
18.4%
Toronto Blue Jays
Carlos Tosca
18.3%
Cleveland Indians
Joel Skinner
18.2%
Houston Astros
Dave Clark
18.1%
Detroit Tigers
Luis Pujols
17.9%
Philadelphia Phillies
Nick Leyva
17.1%
St. Louis Cardinals
Red Schoendienst
15.9%
Cincinnati Reds
Dave Miley
15.8%
Los Angeles Dodgers
Glenn Hoffman
15.7%
Florida/
Miami Marlins
John Boles
15.7%
Arizona Diamondbacks
Al Pedrique
15.6%
Chicago Cubs
Bruce Kimm
14.9%
Seattle Mariners
John McLaren
14.3%
Florida/
Miami Marlins
Cookie Rojas
14.2%
Washington Nationals/
Montreal Expos
John McLaren
14.1%
Milwaukee Brewers
Jerry Royster
13.4%
Chicago Cubs
Joe Altobelli
13.2%
St. Louis Cardinals
Mike Jorgensen
12.8%
Texas Rangers
Tim Bogar
11.9%
New York Mets
Mike Cubbage
11.2%
Los Angeles Angels
Doug Rader
10.6%
Baltimore Orioles
Phil Regan
10.1%
San Diego Padres
Greg Riddoch
10.1%
Texas Rangers
Toby Harrah
10.1%
Chicago Cubs
Jim Essian
10%
Houston Astros
Tom Lawless
9.1%
Toronto Blue Jays
Gene Tenace
8.4%
Philadelphia Phillies
Gary Varsho
8.4%
Washington Nationals/
Montreal Expos
Tom Runnells
8.1%
Houston Astros
Tony DeFrancesco
8%
Seattle Mariners
Bill Plummer
7.4%
Pittsburgh Pirates
Tom Prince
6.5%
Toronto Blue Jays
Mel Queen
6.1%
Kansas City Royals
Bob Schaefer
5.3%
Kansas City Royals
John Mizerock
5.1%
Houston Astros
Matt Galante
4.3%
Quiz Playlist
Details
Report
Send in Message
Add To Playlist
More Info:
Managers who managed for only one game are starred. Managers are through opening day 2020.
Classic:
Type in answers that appear in a list
Quiz Source
Last Updated: Mar 2, 2020
Quiz Scoreboard
CHALLENGE
Sign Up to Join the Scoreboard
Show All
Scores
Hide
Comments
May contain spoilers
Recently Published
Colored Red Africa Blitz
by spor1
Geography
30s
Find the 'City' Movie
by crazypaving
Movies
60s
5x2 Blitz: Bands
by SL_Kpop136
Music
30s
More to Explore
Quiz From the Vault
Featured Blog Post
14 Easter Pick-up Lines to Find Eggs With
hide this ad
You Might Also Like...
Tags
Baseball Quiz
MLB Quiz
1990s
Manager
team
Today's Top Quizzes in Sports
Browse Sports
hide this ad
Today's Top Quizzes in Baseball
Browse Baseball
Top Contributed Quizzes in Sports
1
Les entraîneurs de l'OM et du PSG au 21e siècle
2
Les meilleurs buteurs des matchs entre le PSG et l’OM
3
Players with Multiple 50 Home Run Seasons
4
2022 World Cup Stars
5
Les joueurs passés par le PSG et l'OM
6
NBA Logic Puzzle 2.0
7
Criteria MLB: Left Handed Sluggers
8
MLB Players with Two .350 Batting Average Seasons
9
Top 10 NHL Goal Scorers of All Time
10
Who Hit More Homers?
Explore More
Trending Topics
Disney
NBA
Anime
Kpop
Crossword
Marvel
Harry Potter
Pokémon
Soccer
Song
The Office
WWE
NFL
Puzzle
Country
hide this ad
More By:
tk925
Quiz
Plays
Rating
Category
Featured
Created
Opening Day Lineups: Phillies
130,581
4.45
Sports
Sep 28, 2009
Opening Day Lineups: Blue Jays
94,412
4.47
Sports
Mar 25, 2010
Opening Day Lineups: Reds
87,163
4.35
Sports
Sep 28, 2009
'This' and 'That'
82,943
4.05
Entertainment
Jan 30, 2010
MLB Most HR by Position '90s-'10s
72,021
4.68
Sports
Sep 15, 2011
Go to Creator's Profile
Score Distribution
Quiz Creator Spotlight
tk925
Follow
Send a Message
Quizzes Created
-
Created Quiz Play Count
-
More By This Creator
Popular Quizzes Today
1
Colored Red Africa Blitz
2
Find the 'City' Movie
3
Find the US States - No Outlines Minefield
4
5x2 Blitz: Bands
5
The Countries of the World
6
Find the US States
7
US States
8
Find the Countries of Europe - No Outlines Minefield
More Sports Quizzes
Montreal Canadiens top 25 single season leaders
Curator's Pick
Trending Quizzes
Colored Red Europe Blitz I
Colored Red Africa Blitz II
Colored Red Europe Blitz II
Colored Red Africa Blitz III
Colored Red Europe Blitz III
Recently Updated
How Do You Spell That?
pecheneg
Godzilla Movies
pecheneg
Grab Bag: 4-10 Letters
pecheneg
2024 March Madness Bracket
pecheneg
Famous TV Couples
Peacemaker
Champions League XIs: Real Madrid
pecheneg
Largest US Cities 1790-2010
pecheneg
Rides in Walt Disney World
pecheneg
Most Oscar Losses (Acting)
pecheneg
Beyoncé Albums
pecheneg
Trending Topics
NBA
Harry Potter
Crossword
Disney
Anime
Marvel
Kpop
NFL
Soccer
WWE
Pokémon
Country
The Office
Puzzle
Song
Your Account Isn't Verified!
In order to create a playlist on Sporcle, you need to verify the email address you used during registration. Go to your
Sporcle Settings
to finish the process.
Report this User
Report this user for behavior that violates our
Community Guidelines
.
Details:
Send Report
Go to the Sporcle.com Mobile Site →
Comments